Every Country to win an Olympic Medal: Taekwondo - Statistics

General Stats
  • This quiz has been taken 23 times
    20 since last reset
  • The average score is 25 of 46
Answer Stats
# of Medals Country % Correct
13 China
100%
2 Germany
100%
1 Japan
100%
25 South Korea
100%
11 USA
100%
10 Great Britain
94%
3 Canada
88%
4 Russia
88%
7 Spain
88%
10 France
82%
7 Thailand
82%
10 Turkey
82%
3 Brazil
76%
5 Italy
76%
7 Mexico
76%
1 Argentina
65%
2 Australia
65%
1 Hungary
65%
10 Iran
65%
7 Cuba
59%
4 Greece
59%
2 Norway
59%
1 Belgium
53%
4 Egypt
53%
1 Niger
53%
1 Colombia
47%
6 Croatia
47%
1 Nigeria
47%
3 Jordan
41%
1 Kazakhstan
41%
5 Serbia
41%
4 Tunisia
41%
3 Uzbekistan
41%
1 Vietnam
41%
4 Azerbaijan
35%
1 Bulgaria
35%
1 Denmark
35%
1 Israel
29%
4 Ivory Coast
29%
9 Chinese Taipei
18%
2 Venezuela
18%
2 Afgahnistan
6%
2 Dominican Republic
6%
1 Gabon
0%
1 North Macedonia
0%
4 Russian Olympic Committee
0%
No matching quizzes found
Score Distribution
Percent of People with Each Score
Percentile by Number Answered
Your Score History
You have not taken this quiz since the last reset